<?xml version="1.0" encoding="UTF-8"?>
<record
    xmlns:xsi="http://www.w3.org/2001/XMLSchema-instance"
    xsi:schemaLocation="http://www.loc.gov/MARC21/slim http://www.loc.gov/standards/marcxml/schema/MARC21slim.xsd"
    xmlns="http://www.loc.gov/MARC21/slim">

  <leader>01346nam0a22002891  4500</leader>
  <controlfield tag="001">v19\rc\1828364</controlfield>
  <controlfield tag="005">20260407002428.0</controlfield>
  <datafield tag="035" ind1=" " ind2=" ">
    <subfield code="a">(NLR Aleph) 004924586</subfield>
  </datafield>
  <datafield tag="090" ind1=" " ind2=" ">
    <subfield code="a">5614421</subfield>
    <subfield code="c">5614421</subfield>
  </datafield>
  <datafield tag="100" ind1=" " ind2=" ">
    <subfield code="a">20071224d1908    |||y0rusy50      ca</subfield>
  </datafield>
  <datafield tag="101" ind1="0" ind2=" ">
    <subfield code="a">rus</subfield>
  </datafield>
  <datafield tag="102" ind1=" " ind2=" ">
    <subfield code="a">RU</subfield>
  </datafield>
  <datafield tag="105" ind1=" " ind2=" ">
    <subfield code="a">a   z   |||||</subfield>
  </datafield>
  <datafield tag="200" ind1="1" ind2=" ">
    <subfield code="a">&#x414;&#x43E;&#x43A;&#x43B;&#x430;&#x434; &#x433;&#x43E;&#x440;&#x43E;&#x434;&#x441;&#x43A;&#x43E;&#x433;&#x43E; &#x438;&#x43D;&#x436;&#x435;&#x43D;&#x435;&#x440;&#x430; &#x433;. &#x421;&#x430;&#x43C;&#x430;&#x440;&#x44B; &#x41A;.&#x412;. &#x411;&#x43E;&#x433;&#x43E;&#x44F;&#x432;&#x43B;&#x435;&#x43D;&#x441;&#x43A;&#x43E;&#x433;&#x43E; &#x421;&#x430;&#x43C;&#x430;&#x440;&#x441;&#x43A;&#x43E;&#x439; &#x433;&#x43E;&#x440;&#x43E;&#x434;&#x441;&#x43A;&#x43E;&#x439; &#x443;&#x43F;&#x440;&#x430;&#x432;&#x435;</subfield>
    <subfield code="e">&#x41F;&#x43E; &#x432;&#x43E;&#x43F;&#x440;&#x43E;&#x441;&#x443; &#x43E; &#x43F;&#x440;&#x43E;&#x440;&#x44B;&#x442;&#x438;&#x438; &#x410;&#x43D;&#x43D;&#x430;&#x435;&#x432;. &#x43A;&#x43E;&#x441;&#x44B; &#x443; &#x433;. &#x421;&#x430;&#x43C;&#x430;&#x440;&#x44B;</subfield>
    <subfield code="e">&#x411;&#x440;&#x43E;&#x448;. &#x438; &#x447;&#x435;&#x440;&#x442;.</subfield>
  </datafield>
  <datafield tag="210" ind1=" " ind2=" ">
    <subfield code="a">&#x421;&#x430;&#x43C;&#x430;&#x440;&#x430;</subfield>
    <subfield code="c">&#x442;&#x438;&#x43F;. &#x412;.&#x41C;. &#x41A;&#x43E;&#x441;&#x442;&#x438;&#x43D;&#x430;</subfield>
    <subfield code="d">1908</subfield>
  </datafield>
  <datafield tag="215" ind1=" " ind2=" ">
    <subfield code="a">27 &#x441;., 7 &#x43B;. &#x447;&#x435;&#x440;&#x442;.</subfield>
    <subfield code="d">27</subfield>
  </datafield>
  <datafield tag="309" ind1=" " ind2=" ">
    <subfield code="a">&#x411;&#x435;&#x437; &#x43E;&#x431;&#x449;. &#x442;&#x438;&#x442;. &#x43B;. &#x41E;&#x43F;&#x438;&#x441;&#x430;&#x43D;&#x43E; &#x43F;&#x43E; &#x43E;&#x431;&#x449;. &#x43E;&#x431;&#x43B;.-&#x43F;&#x430;&#x43F;&#x43A;&#x435;. &#x411;&#x440;&#x43E;&#x448;. &#x438;&#x43C;&#x435;&#x435;&#x442; &#x442;&#x430;&#x43A;&#x436;&#x435; &#x43E;&#x442;&#x434;. &#x43E;&#x431;&#x43B;.</subfield>
  </datafield>
  <datafield tag="532" ind1="1" ind2="2">
    <subfield code="a">&#x414;&#x43E;&#x43A;&#x43B;&#x430;&#x434; &#x433;&#x43E;&#x440;&#x43E;&#x434;&#x441;&#x43A;&#x43E;&#x433;&#x43E; &#x438;&#x43D;&#x436;&#x435;&#x43D;&#x435;&#x440;&#x430; &#x433;&#x43E;&#x440;&#x43E;&#x434;&#x430; &#x421;&#x430;&#x43C;&#x430;&#x440;&#x44B; &#x41A;.&#x412;. &#x411;&#x43E;&#x433;&#x43E;&#x44F;&#x432;&#x43B;&#x435;&#x43D;&#x441;&#x43A;&#x43E;&#x433;&#x43E; &#x421;&#x430;&#x43C;&#x430;&#x440;&#x441;&#x43A;&#x43E;&#x439; &#x433;&#x43E;&#x440;&#x43E;&#x434;&#x441;&#x43A;&#x43E;&#x439; &#x443;&#x43F;&#x440;&#x430;&#x432;&#x435;</subfield>
  </datafield>
  <datafield tag="700" ind1=" " ind2="1">
    <subfield code="a">&#x411;&#x43E;&#x433;&#x43E;&#x44F;&#x432;&#x43B;&#x435;&#x43D;&#x441;&#x43A;&#x438;&#x439;</subfield>
    <subfield code="b">&#x41A;.&#x412;.</subfield>
  </datafield>
  <datafield tag="712" ind1="0" ind2="2">
    <subfield code="a">&#x421;&#x430;&#x43C;&#x430;&#x440;&#x441;&#x43A;&#x430;&#x44F; &#x433;&#x43E;&#x440;&#x43E;&#x434;&#x441;&#x43A;&#x430;&#x44F; &#x443;&#x43F;&#x440;&#x430;&#x432;&#x430;</subfield>
    <subfield code="3">RU\NLR\AUTH\889992997</subfield>
    <subfield code="9">482359</subfield>
  </datafield>
  <datafield tag="801" ind1=" " ind2="0">
    <subfield code="a">RU</subfield>
    <subfield code="b">NLR</subfield>
    <subfield code="g">psbo</subfield>
  </datafield>
  <datafield tag="801" ind1=" " ind2="0">
    <subfield code="a">RU</subfield>
    <subfield code="b">RuMoRGB</subfield>
    <subfield code="2">psbo</subfield>
  </datafield>
  <datafield tag="801" ind1=" " ind2="1">
    <subfield code="a">RU</subfield>
    <subfield code="b">ProSoft-M</subfield>
    <subfield code="2">rusmarc</subfield>
  </datafield>
  <datafield tag="852" ind1=" " ind2=" ">
    <subfield code="a">NLR</subfield>
    <subfield code="j">34.87.3.506</subfield>
  </datafield>
  <datafield tag="899" ind1=" " ind2=" ">
    <subfield code="a">RuMoRGB</subfield>
    <subfield code="j">U 336/673</subfield>
  </datafield>
  <datafield tag="942" ind1=" " ind2=" ">
    <subfield code="c">BOOK</subfield>
  </datafield>
  <datafield tag="980" ind1=" " ind2=" ">
    <subfield code="a">NB</subfield>
  </datafield>
  <datafield tag="995" ind1=" " ind2=" ">
    <subfield code="5">2013-10-26</subfield>
    <subfield code="b">NLR02</subfield>
    <subfield code="c">NLR02</subfield>
    <subfield code="e">RFS</subfield>
    <subfield code="f">4924586-10</subfield>
    <subfield code="k">34.87.3.506</subfield>
    <subfield code="o">0</subfield>
    <subfield code="r">BOOK</subfield>
    <subfield code="s">34873506_</subfield>
  </datafield>
</record>
